| 000 | 00446nam a22001697a 4500 | ||
|---|---|---|---|
| 003 | NUST | ||
| 005 | 20260416152058.0 | ||
| 008 | 260416b ||||| |||| 00| 0 eng d | ||
| 020 | _a978-9698535179 | ||
| 082 |
_a297.4 _bSAD |
||
| 100 |
_aKhaleeq Ahmad Sadique. _9134179 |
||
| 245 |
_aJamal ul Amsaal _cKhaleeq Ahmad Sadique. |
||
| 260 |
_aPakistan: _bNUST Press, _c2014. |
||
| 300 |
_a444 p ; _c26.5 cm |
||
| 563 | _aHardcover | ||
| 942 |
_2ddc _cBK |
||
| 999 |
_c617133 _d617133 |
||